TAROT - SUIT OF CUPS - UPRIGHT - Statistics

General Stats
  • This quiz has been taken 10 times
  • The average score is 2 of 14
Answer Stats
TAROT CARD UPRIGHT % Correct
SEVEN OF CUPS Disappointment, Deception, False Expectation
33%
TEN OF CUPS Love, Satisfaction, Harmony
33%
SIX OF CUPS Romance, Love, Nostalgia
33%
KING OF CUPS Intense Love, Psychic Energy, Warning
22%
TWO OF CUPS Love, Friendship, Connection
22%
THREE OF CUPS Offspring, Happiness, Gratitude
22%
QUEEN OF CUPS Empathy, Sacrafice, Patience
11%
FIVE OF CUPS Insight, Knowledge, Sadness
11%
ACE OF CUPS Opportunity, Great Love, Joy
11%
PAGE OF CUPS Opportunity, Invitation, Affection
11%
FOUR OF CUPS Plateau, Bored, Disconnection
11%
KNIGHT OF CUPS Romance, Infatuation, Well - Being
11%
NINE OF CUPS Dreams, Enjoyment, Happiness
0%
EIGHT OF CUPS New Future, Walking Away, Disilliusion
0%
No matching quizzes found
Score Distribution
Percent of People with Each Score
Percentile by Number Answered
Your Score History
You have not taken this quiz